00799 a2200217 4500003000500000005001700005010001600022020003300038040000900071082001400080245008900094260006100183300003200244505016400276650003300440650001500473650002700488650002000515650002000535700002600555Nust20221130134400.0 a 96031759 a1563965445 (acid-free paper) cNust00a530.1,QUA00aQuantum physics, chaos theory, and cosmology / ceditors, Mikio Namiki ... [et al.]. aWoodbury, N.Y. :bAmerican Institute of Physics,cc1996. ax, 311 p. :bill. ;c24 cm. aPart One: Quantum Theory and Cosmology (Page-3), Part Two: Experimental Approaches (Page-101), Part Three: Chaos Dephasing and Quantum Measurements (Page-227). 0aChaotic behavior in systems. 0aCosmology. 0aPhysical measurements. 0aQuantum theory. 0aSpace and time.1 aNamiki, Mikio,d1925-